[Event "DEM U12/U12w 2010"]
[Site "Oberhof GER"]
[Date "2010.05.29"]
[Round "11"]
[White "Müller, Constantin"]
[Black "Grigorian, Spartak"]
[Result "1/2-1/2"]
[Termination "normal"]
[Board "1"]
[WhiteElo "1861"]
[BlackElo "1800"]
[PlyCount "78"]
[WhiteFideId "24697630"]
[BlackFideId "24661490"]
[EventCountry "GER"]
[EventRounds "11"]
[EventType "swiss"]
[EventDate "2010.05.22"]

1. d4 Nf6 2. Nf3 e6 3. Bg5 c5 4. e3 Nc6 5. c3 Be7 6. Bd3 Qb6 7. Qe2 d5 8. b3
Bd7 9. Nbd2 O-O 10. O-O cxd4 11. exd4 h6 12. Bh4 Rfc8 13. Ne5 Qd8 14. f4 Ne8
15. Bxe7 Qxe7 16. Rac1 Rc7 17. Ndf3 Qd6 18. g4 Rac8 19. Qd2 Nf6 20. Rfe1 Qe7
21. g5 hxg5 22. Nxg5 Be8 23. f5 Nxe5 24. Rxe5 Nd7 25. Re2 e5 26. dxe5 Nxe5 27.
Rce1 f6 28. c4 Bh5 29. Re3 Qc5 30. Kh1 fxg5 31. Be2 Bxe2 32. Qxe2 Nf7 33. Qh5
Qc6 34. Re6 Qd7 35. f6 dxc4 36. Qg6 Qd5+ 37. Kg1 Qd4+ 38. Kh1 Qd5+ 39. Kg1 Qd4+
1/2-1/2

[Event "DEM U12/U12w 2010"]
[Site "Oberhof GER"]
[Date "2010.05.29"]
[Round "11"]
[White "Kollars, Dmitrij"]
[Black "Donchenko, Alexander"]
[Result "0-1"]
[Termination "normal"]
[Board "2"]
[WhiteElo "1611"]
[BlackElo "2094"]
[PlyCount "46"]
[WhiteFideId "12909572"]
[BlackFideId "24603295"]
[EventCountry "GER"]
[EventRounds "11"]
[EventType "swiss"]
[EventDate "2010.05.22"]

1. e4 c5 2. Nc3 d6 3. f4 Nf6 4. Nf3 Nc6 5. Bc4 e6 6. d3 a6 7. O-O b5 8. Bb3 Bb7
9. Qe1 Be7 10. Qg3 d5 11. exd5 exd5 12. a3 c4 13. dxc4 dxc4 14. Ba2 O-O 15. Be3
Qc7 16. Rad1 Rad8 17. Rfe1 Rxd1 18. Rxd1 Re8 19. Re1 Bd6 20. Qh4 Rxe3 21. Rxe3
Bc5 22. Qe1 Qxf4 23. Nd1 Ng4 0-1

[Event "DEM U12/U12w 2010"]
[Site "Oberhof GER"]
[Date "2010.05.29"]
[Round "11"]
[White "Engert, Marvin"]
[Black "Schröder, Jan-Christian"]
[Result "0-1"]
[Termination "normal"]
[Board "3"]
[WhiteElo "1612"]
[BlackElo "1965"]
[PlyCount "64"]
[WhiteFideId "12901164"]
[BlackFideId "24662259"]
[EventCountry "GER"]
[EventRounds "11"]
[EventType "swiss"]
[EventDate "2010.05.22"]

1. e4 e5 2. f4 Bc5 3. Nf3 d6 4. c3 Bb6 5. d4 exd4 6. cxd4 Bg4 7. Be2 Nf6 8. Nc3
Nc6 9. e5 dxe5 10. fxe5 Nd5 11. Qb3 Nxc3 12. bxc3 O-O 13. Bf4 Bxf3 14. Bxf3
Nxd4 15. Qd1 Nxf3+ 16. gxf3 Qh4+ 17. Bg3 Qc4 18. Qb3 Qd3 19. c4 Rad8 20. Qxd3
Rxd3 21. Bf2 Bxf2+ 22. Kxf2 Rfd8 23. Rab1 b6 24. Kg3 Rc3 25. Rbc1 Rdd3 26. Rhf1
Rxf3+ 27. Rxf3 Rxc1 28. Rd3 Kf8 29. Rd4 Ke7 30. Rh4 h6 31. Rg4 g6 32. Kf3 Rc3+
0-1

[Event "DEM U12/U12w 2010"]
[Site "Oberhof GER"]
[Date "2010.05.29"]
[Round "11"]
[White "Sawlin, Leonid"]
[Black "Bluhm, Sonja Maria"]
[Result "1-0"]
[Termination "normal"]
[Board "4"]
[WhiteElo "1865"]
[BlackElo "1709"]
[PlyCount "49"]
[WhiteFideId "4689542"]
[BlackFideId "24654027"]
[EventCountry "GER"]
[EventRounds "11"]
[EventType "swiss"]
[EventDate "2010.05.22"]

1. e4 e5 2. Nf3 Nc6 3. d4 exd4 4. Nxd4 Bc5 5. Nb3 Bb6 6. a4 a6 7. Nc3 d6 8. Nd5
Ba7 9. Be3 Bxe3 10. Nxe3 Nf6 11. f3 Be6 12. Nd4 Nxd4 13. Qxd4 Qe7 14. Be2 h6
15. O-O O-O 16. Bc4 Rfe8 17. Rad1 Nh5 18. g3 Qf6 19. Qd3 Qg6 20. Bxe6 fxe6 21.
Ng2 Rad8 22. Qb3 Rb8 23. Qc3 Rbc8 24. e5 d5 25. g4 1-0

[Event "DEM U12/U12w 2010"]
[Site "Oberhof GER"]
[Date "2010.05.29"]
[Round "11"]
[White "Walter, Kevin"]
[Black "Xiong, Ferdinand"]
[Result "0-1"]
[Termination "normal"]
[Board "5"]
[WhiteElo "1777"]
[BlackElo "1901"]
[PlyCount "36"]
[WhiteFideId "12906654"]
[BlackFideId "24654132"]
[EventCountry "GER"]
[EventRounds "11"]
[EventType "swiss"]
[EventDate "2010.05.22"]

1. e4 c5 2. Nf3 d6 3. d4 cxd4 4. Nxd4 Nf6 5. Nc3 g6 6. Be3 Bg7 7. f3 O-O 8. Bc4
Nc6 9. Qd2 Bd7 10. O-O-O Rb8 11. g4 b5 12. Ndxb5 Ne5 13. Be2 Nxf3 14. Bxf3 Bxb5
15. Nxb5 Rxb5 16. Bd4 Qb8 17. h4 Rc8 18. g5 Rxb2 0-1

[Event "DEM U12/U12w 2010"]
[Site "Oberhof GER"]
[Date "2010.05.29"]
[Round "11"]
[White "Bauer, Björn-Benny"]
[Black "Schwarz, Larissa"]
[Result "1-0"]
[Termination "normal"]
[Board "6"]
[WhiteElo "1821"]
[BlackElo "1526"]
[PlyCount "45"]
[WhiteFideId "24698741"]
[BlackFideId "24699004"]
[EventCountry "GER"]
[EventRounds "11"]
[EventType "swiss"]
[EventDate "2010.05.22"]

1. d4 d5 2. c4 e6 3. Nc3 Nf6 4. Nf3 Be7 5. Bf4 c6 6. e3 Nbd7 7. Bd3 dxc4 8.
Bxc4 O-O 9. O-O Nd5 10. Bg3 Re8 11. e4 Nxc3 12. bxc3 Nb6 13. Bd3 c5 14. Qe2
cxd4 15. cxd4 Bb4 16. Rab1 Bc3 17. e5 Qd5 18. Rb5 Qd8 19. Qe4 f5 20. exf6 Qxf6
21. Qxh7+ Kf7 22. Bg6+ Ke7 23. Bh4 1-0

[Event "DEM U12/U12w 2010"]
[Site "Oberhof GER"]
[Date "2010.05.29"]
[Round "11"]
[White "Mager, Denis"]
[Black "Hirschmann, Jakob"]
[Result "1-0"]
[Termination "normal"]
[Board "7"]
[WhiteElo "1538"]
[BlackElo "1770"]
[PlyCount "91"]
[WhiteFideId "24691127"]
[BlackFideId "24652067"]
[EventCountry "GER"]
[EventRounds "11"]
[EventType "swiss"]
[EventDate "2010.05.22"]

1. d4 Nf6 2. c4 e6 3. Nf3 d5 4. e3 Be7 5. Nc3 b6 6. Bd3 Bb7 7. O-O O-O 8. a3 a5
9. b3 Nbd7 10. cxd5 exd5 11. Ne5 Nxe5 12. dxe5 Ne4 13. Qc2 Nxc3 14. Qxc3 Bc5
15. Bb2 Qg5 16. g3 Qh6 17. Be2 Qh3 18. f3 Qd7 19. b4 d4 20. exd4 Be7 21. Rac1
Rfc8 22. Qb3 a4 23. Qd1 Bd5 24. f4 Rf8 25. Bf3 Ra7 26. Bxd5 Qxd5 27. Qf3 Rd8
28. Rc2 c5 29. Qxd5 Rxd5 30. dxc5 bxc5 31. Rfc1 Rc7 32. Kf1 Rcd7 33. bxc5 Rd1+
34. Rxd1 Rxd1+ 35. Ke2 Rd8 36. c6 Rc8 37. Kd3 Bd8 38. Kd4 Bc7 39. Kc5 Rb8 40.
Rd2 Bb6+ 41. Kc4 Kf8 42. Bd4 Bc7 43. Bc5+ Ke8 44. Bd6 Rc8 45. Kc5 Kd8 46. Rb2
1-0

[Event "DEM U12/U12w 2010"]
[Site "Oberhof GER"]
[Date "2010.05.29"]
[Round "11"]
[White "Hamid, Emran"]
[Black "Perske, Thore"]
[Result "1/2-1/2"]
[Termination "normal"]
[Board "8"]
[WhiteElo "1700"]
[BlackElo "1659"]
[PlyCount "90"]
[WhiteFideId "12903566"]
[BlackFideId "12902195"]
[EventCountry "GER"]
[EventRounds "11"]
[EventType "swiss"]
[EventDate "2010.05.22"]

1. c4 Nf6 2. d4 g6 3. Nc3 Bg7 4. e4 d6 5. Be2 O-O 6. Nf3 e5 7. Be3 Ng4 8. Bg5
Qe8 9. dxe5 Nxe5 10. Nd5 Na6 11. Be7 Nxf3+ 12. Bxf3 c6 13. Bxf8 Kxf8 14. Nc3
Bxc3+ 15. bxc3 Qe5 16. O-O Be6 17. Qd4 Qxd4 18. cxd4 Bxc4 19. Rfc1 b5 20. a3
Nc7 21. Bg4 Ke7 22. Rc2 d5 23. exd5 cxd5 24. g3 Kd6 25. Re1 a5 26. Rb2 Rb8 27.
Rc1 Re8 28. Bf3 Rb8 29. Be2 Bxe2 30. Rxe2 Ne6 31. Rd2 b4 32. axb4 Rxb4 33. Rcd1
a4 34. Kg2 a3 35. Ra2 Ra4 36. Rda1 Nxd4 37. Rxa3 Rxa3 38. Rxa3 Nc6 39. Kf3 d4
40. Ke4 f5+ 41. Kd3 Kd5 42. Ra8 Ne5+ 43. Ke2 Ke4 44. Ra4 Nf3 45. h4 Ng1+
1/2-1/2

[Event "DEM U12/U12w 2010"]
[Site "Oberhof GER"]
[Date "2010.05.29"]
[Round "11"]
[White "Keller, Peter"]
[Black "Richter, Leonard"]
[Result "0-1"]
[Termination "normal"]
[Board "9"]
[WhiteElo "1798"]
[BlackElo "1816"]
[PlyCount "64"]
[WhiteFideId "1272105"]
[BlackFideId "12900290"]
[EventCountry "GER"]
[EventRounds "11"]
[EventType "swiss"]
[EventDate "2010.05.22"]

1. e4 c6 2. d4 d5 3. Nc3 dxe4 4. Nxe4 Nd7 5. Bc4 Ngf6 6. Ng5 Nd5 7. N1f3 h6 8.
Ne4 N7f6 9. Nxf6+ Nxf6 10. Ne5 Nd5 11. Qf3 Be6 12. O-O g5 13. Re1 Bg7 14. Ng6
Rg8 15. Ne5 Qd6 16. Bd2 O-O-O 17. c3 Rdf8 18. b4 Nxb4 19. Nxf7 Bxf7 20. Bxf7
Nc2 21. Qf5+ Kb8 22. Qxc2 Rxf7 23. Qb3 Rgf8 24. Re6 Qd7 25. Be3 Rf5 26. Re4 e5
27. dxe5 Bxe5 28. Bc5 Qd2 29. Rd1 Rxf2 30. Bd6+ Qxd6 31. Ree1 Bxh2+ 32. Kh1 Qg3
0-1

[Event "DEM U12/U12w 2010"]
[Site "Oberhof GER"]
[Date "2010.05.29"]
[Round "11"]
[White "Birnkraut, Tim"]
[Black "Baskin, Robert"]
[Result "0-1"]
[Termination "normal"]
[Board "10"]
[WhiteElo "1686"]
[BlackElo "1828"]
[PlyCount "86"]
[WhiteFideId "24609587"]
[BlackFideId "24662402"]
[EventCountry "GER"]
[EventRounds "11"]
[EventType "swiss"]
[EventDate "2010.05.22"]

1. e4 c5 2. c4 e6 3. Nc3 a6 4. Nf3 d6 5. d4 cxd4 6. Nxd4 Nf6 7. Be2 Qc7 8. Be3
b6 9. O-O Bb7 10. f3 Be7 11. Rc1 O-O 12. Qd2 Nbd7 13. Rfd1 Rac8 14. Kh1 Qb8 15.
Nc2 Bd8 16. Bf4 Ne5 17. Bxe5 dxe5 18. Qe3 Nh5 19. Rd7 Bc6 20. Rdd1 h6 21. Qf2
Bg5 22. Rb1 Qb7 23. Nb4 f5 24. Nxc6 Qxc6 25. Qg1 f4 26. Rd2 Bh4 27. Qd1 Qe8 28.
Qa4 Qg6 29. Qxa6 Bf2 30. h3 Be3 31. Rd3 Bd4 32. Rd2 Qg3 33. Rf1 g5 34. Qa4 g4
35. Qd7 gxh3 36. Qxe6+ Kh7 37. gxh3 Rg8 38. Bd1 Qg5 39. Kh2 Bg1+ 40. Kh1 Ng3+
41. Kxg1 Nxf1+ 42. Kxf1 Qg1+ 43. Ke2 Qe3+ 0-1

[Event "DEM U12/U12w 2010"]
[Site "Oberhof GER"]
[Date "2010.05.29"]
[Round "11"]
[White "Weber, Sandra"]
[Black "Rempe, Moritz"]
[Result "0-1"]
[Termination "normal"]
[Board "11"]
[WhiteElo "1350"]
[BlackElo "1631"]
[PlyCount "112"]
[WhiteFideId "1270049"]
[BlackFideId "12906867"]
[EventCountry "GER"]
[EventRounds "11"]
[EventType "swiss"]
[EventDate "2010.05.22"]

1. e4 e6 2. d3 d5 3. Nd2 c5 4. Ngf3 Nc6 5. g3 Nf6 6. Bg2 Be7 7. O-O O-O 8. Re1
Re8 9. e5 Nd7 10. Nf1 f6 11. Bh3 Ndxe5 12. Nxe5 Nxe5 13. f4 Nc6 14. Bxe6+ Bxe6
15. Rxe6 c4 16. d4 Qb6 17. c3 Qc7 18. f5 Bd6 19. Qf3 Ne7 20. Ne3 Qc6 21. Bd2
Rad8 22. Qg4 Nc8 23. Rxf6 Re4 24. Qg5 Be7 25. Rxc6 Bxg5 26. Re6 Bxe3+ 27. Bxe3
Rxe6 28. fxe6 Re8 29. Rf1 Rxe6 30. Rf3 Ra6 31. Rf5 Rd6 32. Bf4 Rd7 33. Be5 Ne7
34. Rf2 Nc6 35. Re2 Re7 36. Kf2 Nxe5 37. Rxe5 Rxe5 38. dxe5 Kf7 39. Ke3 Ke6 40.
Kd4 h6 41. h3 g6 42. g4 g5 43. b3 cxb3 44. axb3 a6 45. b4 b6 46. Ke3 Kxe5 47.
Kd3 a5 48. bxa5 bxa5 49. c4 dxc4+ 50. Kxc4 Kf4 51. Kb5 Kg3 52. Kxa5 Kxh3 53.
Kb4 Kxg4 54. Kc3 Kf3 55. Kd2 Kf2 56. Kd3 g4 0-1

[Event "DEM U12/U12w 2010"]
[Site "Oberhof GER"]
[Date "2010.05.29"]
[Round "11"]
[White "Flüchter, Gregor"]
[Black "Kasel, Ronaldo"]
[Result "1-0"]
[Termination "normal"]
[Board "12"]
[WhiteElo "1721"]
[BlackElo "1575"]
[PlyCount "137"]
[WhiteFideId "12903396"]
[BlackFideId "24660949"]
[EventCountry "GER"]
[EventRounds "11"]
[EventType "swiss"]
[EventDate "2010.05.22"]

1. e4 e5 2. Nf3 Nc6 3. Bc4 Bc5 4. c3 Nf6 5. d3 d6 6. Bb3 O-O 7. Nbd2 Bd7 8. O-O
Qe7 9. h3 h6 10. a4 a6 11. Re1 Rfe8 12. Nf1 Bb6 13. Be3 Rad8 14. Bxb6 cxb6 15.
Ne3 Be6 16. Nd5 Bxd5 17. exd5 Nb8 18. Nd2 Qc7 19. Ne4 Nbd7 20. d4 Nxe4 21. Rxe4
Nf6 22. Re1 Qd7 23. dxe5 dxe5 24. c4 Re7 25. Qc2 Rc8 26. Qe2 Rc5 27. Qe3 Qd6
28. Qd2 b5 29. axb5 axb5 30. cxb5 Rxb5 31. Ra8+ Re8 32. Qd3 Rxa8 33. Qxb5 b6
34. Qc6 Qxc6 35. dxc6 Ra5 36. c7 Rc5 37. Rxe5 Rxc7 38. Rb5 Rc1+ 39. Kh2 Rc6 40.
f4 Nd7 41. Rd5 Rc7 42. Rd6 b5 43. Bd5 Nf6 44. Ba2 Nh7 45. Bb3 Nf6 46. Rb6 Nd7
47. Rxb5 Nc5 48. Bc2 g6 49. Bb3 Nd3 50. Kg3 Kg7 51. Bd5 Rc5 52. Rxc5 Nxc5 53.
b4 Na6 54. b5 Nb8 55. b6 f5 56. b7 Kf6 57. Kf3 g5 58. Bc4 Nc6 59. Bb5 Nb8 60.
Ke3 Ke6 61. g3 Kd6 62. Bf1 Ke6 63. Kd4 Kd6 64. Bb5 g4 65. h4 Ke6 66. Kc5 Ke7
67. Kb6 Kd8 68. Ka7 Kc7 69. h5 1-0

[Event "DEM U12/U12w 2010"]
[Site "Oberhof GER"]
[Date "2010.05.29"]
[Round "11"]
[White "Bentel, Robin"]
[Black "Peters, Tom"]
[Result "1-0"]
[Termination "normal"]
[Board "13"]
[WhiteElo "1642"]
[BlackElo "1551"]
[PlyCount "85"]
[WhiteFideId "12918016"]
[BlackFideId "24694444"]
[EventCountry "GER"]
[EventRounds "11"]
[EventType "swiss"]
[EventDate "2010.05.22"]

1. d4 Nf6 2. c4 e6 3. Nc3 Bb4 4. Nf3 c5 5. e3 Nc6 6. d5 Bxc3+ 7. bxc3 Na5 8.
Be2 d6 9. O-O O-O 10. Bd3 h6 11. e4 e5 12. Be3 b6 13. h3 Ba6 14. Qe2 Nxe4 15.
Bxe4 f5 16. Bxf5 Rxf5 17. Nd2 Qh4 18. f4 exf4 19. Bf2 Qf6 20. Rac1 Rf8 21. Rfe1
Re5 22. Qd3 Rfe8 23. Rxe5 dxe5 24. Qe4 Nb7 25. Qd3 Nd6 26. Re1 g5 27. Ne4 Qf5
28. Nxd6 Qxd3 29. Nxe8 Qxc3 30. d6 Kf7 31. d7 Ke7 32. Rd1 Kd8 33. Nd6 Qxc4 34.
Nxc4 Bxc4 35. a3 e4 36. Rd6 Bb5 37. Rxh6 Bxd7 38. Rg6 Kc7 39. Rxg5 c4 40. Bd4
e3 41. Be5+ Kc6 42. Bxf4 b5 43. Bxe3 1-0

[Event "DEM U12/U12w 2010"]
[Site "Oberhof GER"]
[Date "2010.05.29"]
[Round "11"]
[White "Zahn, Alina"]
[Black "Bach, Jannik"]
[Result "0-1"]
[Termination "normal"]
[Board "14"]
[WhiteElo "1550"]
[BlackElo "1680"]
[PlyCount "78"]
[WhiteFideId "24696730"]
[BlackFideId "24615900"]
[EventCountry "GER"]
[EventRounds "11"]
[EventType "swiss"]
[EventDate "2010.05.22"]

1. e4 Nc6 2. d4 d5 3. e5 f6 4. exf6 Nxf6 5. c3 e5 6. dxe5 Nxe5 7. Bf4 Bd6 8.
Bg5 c6 9. h3 O-O 10. Nd2 Bf5 11. Ngf3 Qe7 12. Be3 Rae8 13. Nxe5 Bxe5 14. Be2
Ne4 15. Nf3 Bd6 16. O-O Nxf2 17. Bxf2 Qxe2 18. Qxe2 Rxe2 19. b3 a6 20. Nd4 Ree8
21. Nxf5 Rxf5 22. Rae1 Ref8 23. Re3 Rxf2 24. Rxf2 Bc5 25. Rxf8+ Kxf8 26. Kf2
Bxe3+ 27. Kxe3 Ke7 28. Kd4 Kd6 29. Kd3 c5 30. c4 Ke5 31. cxd5 Kxd5 32. Kc3 b6
33. g4 g5 34. Kd3 b5 35. Ke3 Ke5 36. Kf3 Kd4 37. Kg3 Ke3 38. h4 h6 39. h5 c4
0-1

[Event "DEM U12/U12w 2010"]
[Site "Oberhof GER"]
[Date "2010.05.29"]
[Round "11"]
[White "Damm, Nils"]
[Black "Manusina, Nicole"]
[Result "1-0"]
[Termination "normal"]
[Board "15"]
[WhiteElo "1639"]
[BlackElo "1789"]
[PlyCount "77"]
[WhiteFideId "24693065"]
[BlackFideId "24657514"]
[EventCountry "GER"]
[EventRounds "11"]
[EventType "swiss"]
[EventDate "2010.05.22"]

1. c4 e6 2. g3 d5 3. Bg2 Nf6 4. Nf3 Be7 5. O-O O-O 6. b3 c5 7. Bb2 Nc6 8. e3 d4
9. exd4 cxd4 10. d3 e5 11. Re1 Bd6 12. Ba3 Bxa3 13. Nxa3 Re8 14. Nd2 Ng4 15. h3
Nh6 16. Nc2 Bf5 17. Ne4 f6 18. Qf3 Bg6 19. Nc5 Rc8 20. Qd5+ Qxd5 21. Bxd5+ Kh8
22. Nxb7 Rc7 23. Nd6 Rd8 24. Nb5 Rcc8 25. Bxc6 Rxc6 26. Nxa7 Ra6 27. Nb5 Bxd3
28. Nb4 Rb6 29. Nxd3 Nf7 30. h4 g5 31. a4 gxh4 32. gxh4 Rg8+ 33. Kh2 Rg4 34. a5
Rb8 35. a6 Rxh4+ 36. Kg3 Rh6 37. a7 Rg6+ 38. Kf3 e4+ 39. Kxe4 1-0

[Event "DEM U12/U12w 2010"]
[Site "Oberhof GER"]
[Date "2010.05.29"]
[Round "11"]
[White "Wiesner, Paula"]
[Black "Bardosch, Karl"]
[Result "1/2-1/2"]
[Termination "normal"]
[Board "16"]
[WhiteElo "1863"]
[BlackElo "1450"]
[PlyCount "73"]
[WhiteFideId "24654019"]
[BlackFideId "24696480"]
[EventCountry "GER"]
[EventRounds "11"]
[EventType "swiss"]
[EventDate "2010.05.22"]

1. d4 d5 2. c4 c6 3. Nf3 Nf6 4. Nc3 e6 5. e3 Be7 6. Bd3 dxc4 7. Bxc4 Nbd7 8.
O-O O-O 9. e4 Nb6 10. Bd3 c5 11. dxc5 Bxc5 12. Bg5 Be7 13. Qe2 h6 14. Bh4 Nh5
15. Bxe7 Qxe7 16. Qe3 Nf6 17. Rac1 Bd7 18. Ne5 Rfd8 19. Rfd1 Rac8 20. Nxd7
Nfxd7 21. Nb5 Rxc1 22. Rxc1 a6 23. Nc3 Qc5 24. Qxc5 Nxc5 25. Bb1 Nba4 26. Nxa4
Nxa4 27. b3 Nc3 28. Kf1 Nxb1 29. Rxb1 Rd2 30. Rc1 Rxa2 31. Rc8+ Kh7 32. Rc7 Kg6
33. Rxb7 Rb2 34. Rb6 Rb1+ 35. Ke2 Rb2+ 36. Kf3 Kg5 37. Ke3 1/2-1/2

[Event "DEM U12/U12w 2010"]
[Site "Oberhof GER"]
[Date "2010.05.29"]
[Round "11"]
[White "Bykov, Ilya"]
[Black "Berkes, Alexander"]
[Result "0-1"]
[Termination "normal"]
[Board "17"]
[WhiteElo "1477"]
[BlackElo "1610"]
[PlyCount "92"]
[WhiteFideId "12918059"]
[BlackFideId "12901636"]
[EventCountry "GER"]
[EventRounds "11"]
[EventType "swiss"]
[EventDate "2010.05.22"]

1. e4 e5 2. Nf3 d6 3. d4 exd4 4. Nxd4 Nf6 5. Nc3 Be7 6. Bc4 O-O 7. O-O Nbd7 8.
h3 a6 9. a4 Re8 10. Be3 Bf8 11. Qf3 Ne5 12. Qe2 Nxc4 13. Qxc4 Nxe4 14. Rfe1
Nxc3 15. Qxc3 Bd7 16. b3 Be7 17. Rad1 Bf6 18. Qd3 d5 19. Nf3 c6 20. Bd4 Bxd4
21. Qxd4 Qc7 22. b4 a5 23. c3 axb4 24. Qxb4 h6 25. Qd4 Re6 26. Rxe6 Bxe6 27.
Rb1 Bf5 28. Rb2 Be4 29. Nd2 c5 30. Qe3 Rxa4 31. f3 Ra1+ 32. Kf2 Bf5 33. Nb3 Ra3
34. Nxc5 b6 35. Nb3 Be6 36. Qd4 Bxh3 37. Qb4 Ra8 38. Nd4 Be6 39. Qxb6 Qxb6 40.
Rxb6 Re8 41. Rd6 Kf8 42. Nxe6+ fxe6 43. Rd7 Rc8 44. Ke3 Rxc3+ 45. Kd2 Ra3 46.
g4 Rxf3 0-1

[Event "DEM U12/U12w 2010"]
[Site "Oberhof GER"]
[Date "2010.05.29"]
[Round "11"]
[White "Reimers, Juri"]
[Black "Paulsen, Alexej"]
[Result "1/2-1/2"]
[Termination "normal"]
[Board "18"]
[WhiteElo "1688"]
[BlackElo "1549"]
[PlyCount "59"]
[WhiteFideId "24661511"]
[BlackFideId "24662372"]
[EventCountry "GER"]
[EventRounds "11"]
[EventType "swiss"]
[EventDate "2010.05.22"]

1. e4 c5 2. c4 e5 3. Nc3 Nf6 4. d3 d6 5. Nge2 Nc6 6. Be3 Be7 7. Qd2 Be6 8. g3
Nd4 9. Bxd4 cxd4 10. Nd5 Nxd5 11. cxd5 Bd7 12. Bg2 f5 13. f4 O-O 14. O-O g6 15.
Qb4 Qb6 16. Qxb6 axb6 17. Bh3 Rad8 18. Kg2 fxe4 19. Bxd7 Rxd7 20. dxe4 Rc7 21.
Rac1 Rfc8 22. Rxc7 Rxc7 23. Rc1 Rxc1 24. Nxc1 b5 25. Nd3 Bf6 26. Kf2 Kf7 27.
Ke2 Ke7 28. Kd2 Kd7 29. Kc2 Kc7 30. Kb3 1/2-1/2

[Event "DEM U12/U12w 2010"]
[Site "Oberhof GER"]
[Date "2010.05.29"]
[Round "11"]
[White "Altstadt, Karl-Simon"]
[Black "Srokovskiy, Andrea"]
[Result "0-1"]
[Termination "normal"]
[Board "19"]
[WhiteElo "1401"]
[BlackElo "1726"]
[PlyCount "86"]
[WhiteFideId "24696676"]
[BlackFideId "4624947"]
[EventCountry "GER"]
[EventRounds "11"]
[EventType "swiss"]
[EventDate "2010.05.22"]

1. e4 c5 2. Nf3 e6 3. d4 cxd4 4. Nxd4 a6 5. Bd3 Qc7 6. O-O Nf6 7. Qe2 d6 8. Bd2
Be7 9. Kh1 Nbd7 10. f4 b5 11. c4 bxc4 12. Bxc4 Bb7 13. Nc3 Nc5 14. Rac1 Qb6 15.
e5 Nfe4 16. Nxe4 Nxe4 17. Be3 d5 18. Nb3 Qd8 19. Bd3 O-O 20. Bxe4 dxe4 21. Rfd1
Bd5 22. Nd4 Qa5 23. a3 Rfc8 24. Bd2 Qb6 25. Bc3 f6 26. Nc2 fxe5 27. Bxe5 Bd6
28. Ne3 Bxe5 29. Nxd5 exd5 30. fxe5 Qe6 31. h3 Rxc1 32. Rxc1 Qxe5 33. Qg4 Qe8
34. Qf5 Rd8 35. Qf1 Qb5 36. Qf5 Qe8 37. Qf1 Qe6 38. b4 d4 39. Qe2 d3 40. Qe3
Qh6 41. Qxh6 gxh6 42. Kg1 e3 43. Kf1 Rf8+ 0-1

[Event "DEM U12/U12w 2010"]
[Site "Oberhof GER"]
[Date "2010.05.29"]
[Round "11"]
[White "Kempe, Anne"]
[Black "Greif, Gavin"]
[Result "0-1"]
[Termination "normal"]
[Board "20"]
[WhiteElo "1369"]
[BlackElo "1678"]
[PlyCount "56"]
[WhiteFideId "12918083"]
[BlackFideId "24662429"]
[EventCountry "GER"]
[EventRounds "11"]
[EventType "swiss"]
[EventDate "2010.05.22"]

1. e4 e5 2. Nf3 Nc6 3. Bc4 Nf6 4. d3 Be7 5. c3 d6 6. Bb3 O-O 7. Nbd2 Kh8 8. O-O
Ng8 9. Re1 f5 10. h3 Rf6 11. Bc2 Rg6 12. Nc4 fxe4 13. dxe4 Bxh3 14. g3 Nh6 15.
Bd3 Qf8 16. Nh2 Rf6 17. Be3 Qf7 18. Rc1 Rf8 19. Rc2 Nd8 20. b3 Ne6 21. Nb2 Nc5
22. Bxc5 dxc5 23. Bc4 Qg6 24. Nd3 Rxf2 25. Rxf2 Qxg3+ 26. Kh1 Rxf2 27. Re2 Bg2+
28. Kg1 Bf3# 0-1

[Event "DEM U12/U12w 2010"]
[Site "Oberhof GER"]
[Date "2010.05.29"]
[Round "11"]
[White "Scheinhütte, Jakob"]
[Black "Bilchinski, Anton"]
[Result "1/2-1/2"]
[Termination "normal"]
[Board "21"]
[WhiteElo "1582"]
[BlackElo "1727"]
[PlyCount "52"]
[WhiteFideId "24693944"]
[BlackFideId "24615765"]
[EventCountry "GER"]
[EventRounds "11"]
[EventType "swiss"]
[EventDate "2010.05.22"]

1. e4 e5 2. Nf3 d6 3. Bc4 Be7 4. d3 Nf6 5. O-O O-O 6. c3 c6 7. Bb3 Nbd7 8. Re1
Qc7 9. d4 h6 10. Nbd2 Rd8 11. Nf1 a6 12. Ng3 Nf8 13. h3 b5 14. a4 Rb8 15. Bc2
c5 16. d5 Ng6 17. b3 Bd7 18. a5 Rdc8 19. Nh2 Re8 20. Nhf1 Bf8 21. Ne3 Ne7 22.
Nef1 g6 23. Be3 Nc8 24. b4 Bg7 25. Bd3 Kh7 26. Rc1 c4 1/2-1/2

[Event "DEM U12/U12w 2010"]
[Site "Oberhof GER"]
[Date "2010.05.29"]
[Round "11"]
[White "Sabirov, Ramil"]
[Black "Berkov, Mikhail"]
[Result "1-0"]
[Termination "normal"]
[Board "22"]
[WhiteElo "1584"]
[BlackElo "1840"]
[PlyCount "97"]
[WhiteFideId "12900303"]
[BlackFideId "24678783"]
[EventCountry "GER"]
[EventRounds "11"]
[EventType "swiss"]
[EventDate "2010.05.22"]

1. e4 e5 2. Nf3 Nc6 3. Bb5 a6 4. Bxc6 dxc6 5. Nc3 f6 6. d4 exd4 7. Qxd4 Qxd4 8.
Nxd4 Bd6 9. Be3 Bd7 10. O-O-O O-O-O 11. Nb3 Ne7 12. Nc5 b6 13. Nxd7 Rxd7 14.
Rd2 Rhd8 15. Rhd1 Be5 16. Rxd7 Rxd7 17. Rxd7 Kxd7 18. Kd2 g5 19. g3 Ng6 20. b3
h6 21. Ne2 c5 22. Nc3 Bxc3+ 23. Kxc3 Ne5 24. f4 Ng4 25. Bg1 h5 26. h3 Nh6 27.
Be3 Nf7 28. Kd3 Kc6 29. Bd2 g4 30. hxg4 hxg4 31. Bc3 f5 32. exf5 Nd6 33. f6 Kd7
34. Be5 Ke6 35. Bxd6 cxd6 36. c4 Kxf6 37. Ke4 Ke6 38. f5+ Kf6 39. Kf4 b5 40.
Kxg4 bxc4 41. bxc4 Kf7 42. Kf4 Kf6 43. g4 Kf7 44. g5 Ke7 45. Ke4 Kf7 46. Kd5
Ke7 47. g6 a5 48. g7 Kf7 49. f6 1-0

[Event "DEM U12/U12w 2010"]
[Site "Oberhof GER"]
[Date "2010.05.29"]
[Round "11"]
[White "Pfreundt, Jakob"]
[Black "Scholz, Robert"]
[Result "1/2-1/2"]
[Termination "normal"]
[Board "23"]
[WhiteElo "1297"]
[BlackElo "1599"]
[PlyCount "43"]
[WhiteFideId "12918156"]
[BlackFideId "1270301"]
[EventCountry "GER"]
[EventRounds "11"]
[EventType "swiss"]
[EventDate "2010.05.22"]

1. d4 d5 2. c4 dxc4 3. e3 e6 4. Bxc4 c5 5. Nf3 a6 6. O-O b5 7. Bb3 Nf6 8. Qe2
c4 9. Bc2 Bb7 10. Nc3 Bd6 11. e4 Bc7 12. Bg5 h6 13. Bh4 Nbd7 14. Rad1 g5 15.
Bg3 Bxg3 16. fxg3 Qb6 17. Kh1 O-O 18. e5 Nh7 19. Ne4 f5 20. exf6 Nhxf6 21. Nc5
Bd5 22. Nxd7 1/2-1/2

[Event "DEM U12/U12w 2010"]
[Site "Oberhof GER"]
[Date "2010.05.29"]
[Round "11"]
[White "Knorre, Jonas"]
[Black "Essler, Oskar"]
[Result "1/2-1/2"]
[Termination "normal"]
[Board "24"]
[WhiteElo "1733"]
[BlackElo "1568"]
[PlyCount "29"]
[WhiteFideId "24696900"]
[BlackFideId "12918024"]
[EventCountry "GER"]
[EventRounds "11"]
[EventType "swiss"]
[EventDate "2010.05.22"]

1. d4 d5 2. e3 Nf6 3. f4 e6 4. Nf3 c5 5. c3 Nc6 6. Bd3 c4 7. Bc2 Be7 8. O-O O-O
9. Nbd2 b5 10. Ne5 Bb7 11. g4 Nxe5 12. dxe5 Ne4 13. Nxe4 dxe4 14. Qd4 f5 15. g5
1/2-1/2